| 000 | 00361nam a22001457a 4500 | ||
|---|---|---|---|
| 003 | OSt | ||
| 005 | 20211224154619.0 | ||
| 008 | 211224b |||||||| |||| 00| 0 eng d | ||
| 020 | _a1397801132316811 | ||
| 040 | _cHU | ||
| 082 |
_23rd _a005.1 |
||
| 100 |
_aLevitin _923272 |
||
| 245 | _aIntroduction To The Design & Analysis Of Algortihms | ||
| 942 |
_2ddc _cBOOKS _n0 |
||
| 999 |
_c24074 _d24074 |
||